Top 100 Dj's of 2023 - Statistics

General Stats
  • This quiz has been taken 38 times
  • The average score is 14 of 100
Answer Stats
Rank Name % Correct
1 David Guetta
83%
3 Martin Garrix
76%
12 Calvin Harris
55%
23 Tiësto
55%
8 Steve Aoki
48%
11 Alan Walker
41%
17 Skrillex
41%
52 Alesso
38%
38 DJ Snake
38%
7 Afrojack
34%
18 Charlotte De Witte
34%
5 Armin Van Buuren
31%
2 Dimitri Vegas & Like Mike
31%
37 Hardwell
31%
47 Zedd
31%
4 Alok
28%
65 Deadmau5
28%
20 Fisher
28%
34 Fred Again....
28%
6 Timmy Trumpet
28%
26 Carl Cox
24%
13 Don Diablo
24%
15 KSHMR
21%
14 R3hab
21%
63 Swedish House Mafia
21%
66 Mike Williams
17%
90 Morten
17%
9 Peggy Gou
17%
40 Above & Beyond
14%
25 Black Coffee
14%
39 Eric Prydz
14%
83 James Hype
14%
22 Lost Frequencies
14%
35 Marshmellow
14%
56 Rezz
14%
16 W&W
14%
30 Amelie Lens
10%
31 Bassjackers
10%
32 Claptone
10%
100 Jay Hardway
10%
41 Joel Corry
10%
68 Julian Jordan
10%
95 Maddix
10%
48 Nervo
10%
24 Nicky Romero
10%
19 Oliver Heldens
10%
29 Quintino
10%
94 Solomun
10%
44 The Chainsmokers
10%
54 Tujamo
10%
10 Vintage Culture
10%
61 Adam Beyer
7%
71 Angerfist
7%
58 Blasterjaxx
7%
76 Deorro
7%
33 Fedde Le Grand
7%
89 Ferry Corsten
7%
81 Lucas & Steve
7%
77 Ofenbach
7%
85 Pink Panda
7%
60 The Martinez Brothers
7%
57 Topic
7%
73 Tungevaag
7%
69 Ummet Ozcan
7%
28 Vini Vici
7%
78 22Bullets
3%
74 Acraze
3%
49 ATB
3%
55 Boris Brejcha
3%
79 Brennan Heart
3%
67 Burak Yeter
3%
93 Cuebrick
3%
42 Danny Avila
3%
46 Deborah De Luca
3%
80 Diego Miranda
3%
64 Dubdogz
3%
21 Gordo
3%
36 Jamie Jones
3%
59 Kaaze
3%
91 Kölsch
3%
84 Le Twins
3%
98 Liu
3%
43 Mariana Bo
3%
88 Marten Hørger
3%
53 Nora En Pure
3%
51 Vinai
3%
82 Aryue
0%
50 Beauz
0%
70 Cat Dealers
0%
97 Indira Paganotto
0%
86 Kaka
0%
62 Kura
0%
99 Le Shuuk
0%
96 Lizzy Wang
0%
87 Naeleck
0%
45 Paul Van Dyk
0%
72 Plastik Funk
0%
92 Rave Republic
0%
27 Reinier Zonneveld
0%
75 Tom & Collins
0%
No matching quizzes found
Score Distribution
Percent of People with Each Score
Percentile by Number Answered
Your Score History
You have not taken this quiz